Introduction to research methods : A practical guide for anyone undertaking a research project (Record no. 11386)
[ view plain ]
| 000 -LEADER | |
|---|---|
| fixed length control field | 00438nam a22001577a 4500 |
| 020 ## - INTERNATIONAL STANDARD BOOK NUMBER | |
| International Standard Book Number | 9788130916033 |
| 082 ## - DEWEY DECIMAL CLASSIFICATION NUMBER | |
| Classification number | 001.42 |
| 100 ## - MAIN ENTRY--PERSONAL NAME | |
| Personal name | Dawson, Catherine |
| 245 ## - TITLE STATEMENT | |
| Title | Introduction to research methods : A practical guide for anyone undertaking a research project |
| 250 ## - EDITION STATEMENT | |
| Edition statement | 4th ed. |
| 260 ## - PUBLICATION, DISTRIBUTION, ETC. | |
| Place of publication, distribution, etc. | New Delhi |
| Name of publisher, distributor, etc. | Viva Books |
| Date of publication, distribution, etc. | 2010 |
| 300 ## - PHYSICAL DESCRIPTION | |
| Extent | x. ; 150 p. |
| 650 ## - SUBJECT ADDED ENTRY--TOPICAL TERM | |
| Topical term or geographic name entry element | Research--Methodology |
| 700 ## - ADDED ENTRY--PERSONAL NAME | |
| Personal name | Catherine Dawson |
| 942 ## - ADDED ENTRY ELEMENTS (KOHA) | |
| Koha item type | Book |
| Withdrawn status | Lost status | Damaged status | Not for loan | Collection code | Permanent Location | Current Location | Shelving location | Date acquired | Source of acquisition | Cost, normal purchase price | Total Checkouts | Full call number | Barcode | Date last seen | Price effective from | Koha item type | Date last checked out | Source of classification or shelving scheme |
|---|---|---|---|---|---|---|---|---|---|---|---|---|---|---|---|---|---|---|
| Computer Science | Central Library (CL) | Central Library (CL) | First Floor - Computer Science | 12/13/2012 | Allied Book Company | 308.56 | 001.42 DAW | SEECS011713 | 12/18/2012 | 01/05/2017 | Book | |||||||
| Computer Science | Central Library (CL) | Central Library (CL) | First Floor - Computer Science | 12/13/2012 | Allied Book Company | 308.56 | 1 | 001.42 DAW | SEECS011714 | 09/18/2023 | 01/05/2017 | Book | 03/11/2014 | |||||
| Computer Science | Central Library (CL) | Central Library (CL) | First Floor - Computer Science | 12/13/2012 | Allied Book Company | 308.56 | 1 | 001.42 DAW | SEECS011716 | 02/23/2020 | 01/05/2017 | Book | 11/23/2018 | |||||
| Computer Science | Central Library (CL) | Central Library (CL) | First Floor - Computer Science | 12/13/2012 | Allied Book Company | 308.56 | 1 | 001.42 DAW | SEECS011717 | 12/16/2025 | 01/05/2017 | Book | 10/02/2025 | |||||
| Computer Science | Central Library (CL) | Central Library (CL) | First Floor - Computer Science | 01/05/2017 | 001.42 | SEECS011715 | 11/13/2025 | 01/05/2017 | Book |
